Parallel array processing /

Gespeichert in:
Bibliographische Detailangaben
1. Verfasser: Ducksbury, P.G (Verfasst von)
Format: Buch
Sprache:Englisch
Veröffentlicht: New York : Ellis Horwood, 1986
Tags: Tag hinzufügen
Keine Tags, Fügen Sie das erste Tag hinzu!

MARC

LEADER 00000nam a22000003a 4500
001 stu3327
005 20150617225616.6
008 930319s1986----xxu-----------------eng-d
040 |a STU  |b slo 
041 0 |a eng 
044 |a xxu 
080 |a 519.687 
080 |a 681.32.013 
100 1 |a Ducksbury, P.G  |4 aut 
245 1 |a Parallel array processing /  |c [aut.] Ducksbury,P.G 
260 |a New York :  |b Ellis Horwood,  |c 1986 
300 |a 122 s 
996 |b E67871  |c E*67871  |l EE03  |s P  |a 0  |w stu3327_0001